<?xml version="1.0" encoding="UTF-8"?>
<record
    xmlns:xsi="http://www.w3.org/2001/XMLSchema-instance"
    xsi:schemaLocation="http://www.loc.gov/MARC21/slim http://www.loc.gov/standards/marcxml/schema/MARC21slim.xsd"
    xmlns="http://www.loc.gov/MARC21/slim">

  <leader>02374cam a2200337   4500500</leader>
  <controlfield tag="005">20251228073438.0</controlfield>
  <datafield tag="041" ind1=" " ind2=" ">
    <subfield code="a">fre</subfield>
  </datafield>
  <datafield tag="042" ind1=" " ind2=" ">
    <subfield code="a">dc</subfield>
  </datafield>
  <datafield tag="100" ind1="1" ind2="0">
    <subfield code="a">Adam, Rodolphe</subfield>
    <subfield code="e">author</subfield>
  </datafield>
  <datafield tag="245" ind1="0" ind2="0">
    <subfield code="a">Kierkegaard, amoureux de sa plume</subfield>
  </datafield>
  <datafield tag="260" ind1=" " ind2=" ">
    <subfield code="c">2007.
							</subfield>
  </datafield>
  <datafield tag="500" ind1=" " ind2=" ">
    <subfield code="a">2</subfield>
  </datafield>
  <datafield tag="520" ind1=" " ind2=" ">
    <subfield code="a">R&#xE9;sum&#xE9;&#xAB;&#xA0;Amoureux de ma plume&#xA0;&#xBB;, c&#x2019;est ainsi que Kierkegaard r&#xE9;pondait &#xE0; un de ses proches qui lui reprochait de ne faire qu&#x2019;&#xE9;crire des lettres sans jamais rendre visite. Graphomane dont la surproduction a sa cause dans la &#xAB;&#xA0;chronique d&#x2019;une mort annonc&#xE9;e&#xA0;&#xBB;, Kierkegaard trouvait dans l&#x2019;&#xE9;criture le corps &#xE0; corps qui lui faisait d&#xE9;faut dans la rencontre. Si, une fois, il t&#xE9;moigna dans son Journal d&#x2019;une exp&#xE9;rience de &#xAB;&#xA0;joie indescriptible&#xA0;&#xBB;, souvent compar&#xE9;e au M&#xE9;morial de Pascal, nous verrons, avec Lacan, que l&#x2019;acte d&#x2019;&#xE9;crire relevait moins d&#x2019;un &#xE9;prouv&#xE9; ex-tatique que du nouage sinthomatique dont le produit fut la d&#xE9;couverte de l&#x2019;ex-istence. &#xAB;&#xA0;&#xC9;crire a &#xE9;t&#xE9; ma vie&#xA0;&#xBB;, &#xE9;crivit Kierkegaard... jusqu&#x2019;&#xE0; ce que R&#xE9;gine s&#x2019;en aille.</subfield>
  </datafield>
  <datafield tag="520" ind1=" " ind2=" ">
    <subfield code="a">&#x2018;I am the lover of my pen&#x2019;, said Kierkegaard to a friend who reproached him for preferring to write letters than visit his friends. The overproduction of this graphomaniac originated in the &#x2018;Chronicle of a foretold death&#x2019;, Kierkegaard finding in the act of writing the hand-to-hand contact he failed to have in his actual relationships. Once, in his diary, he testified to an experience of &#x2018;indescribable glee&#x2019;, which has been compared to Pascal&#x2019;s Memorial. We shall see, through a lacanian approach that the writing act did not stem from an ecstatic experience but rather from the &#x2018;sinthomatic&#x2019; knot which provoked the discovery of an &#x2018;ex-istence&#x2019;. &#x2018;Writing has been my whole life&#x2019;, claimed Kierkegaard...at least until Regine left.</subfield>
  </datafield>
  <datafield tag="690" ind1=" " ind2=" ">
    <subfield code="a">corps</subfield>
  </datafield>
  <datafield tag="690" ind1=" " ind2=" ">
    <subfield code="a">&#xE9;criture</subfield>
  </datafield>
  <datafield tag="690" ind1=" " ind2=" ">
    <subfield code="a">existence</subfield>
  </datafield>
  <datafield tag="690" ind1=" " ind2=" ">
    <subfield code="a">extase</subfield>
  </datafield>
  <datafield tag="690" ind1=" " ind2=" ">
    <subfield code="a">Kierkegaard</subfield>
  </datafield>
  <datafield tag="690" ind1=" " ind2=" ">
    <subfield code="a">Lacan</subfield>
  </datafield>
  <datafield tag="690" ind1=" " ind2=" ">
    <subfield code="a">R&#xE9;gine</subfield>
  </datafield>
  <datafield tag="690" ind1=" " ind2=" ">
    <subfield code="a">body</subfield>
  </datafield>
  <datafield tag="690" ind1=" " ind2=" ">
    <subfield code="a">ecstasy</subfield>
  </datafield>
  <datafield tag="690" ind1=" " ind2=" ">
    <subfield code="a">existence</subfield>
  </datafield>
  <datafield tag="690" ind1=" " ind2=" ">
    <subfield code="a">Kierkegaard</subfield>
  </datafield>
  <datafield tag="690" ind1=" " ind2=" ">
    <subfield code="a">Lacan</subfield>
  </datafield>
  <datafield tag="690" ind1=" " ind2=" ">
    <subfield code="a">R&#xE9;gine</subfield>
  </datafield>
  <datafield tag="690" ind1=" " ind2=" ">
    <subfield code="a">writing</subfield>
  </datafield>
  <datafield tag="786" ind1="0" ind2=" ">
    <subfield code="n">Savoirs et clinique | 8 | 1 | 2007-10-18 | p. 67-72 | 1634-3298</subfield>
  </datafield>
  <datafield tag="856" ind1="4" ind2="1">
    <subfield code="u">https://shs.cairn.info/revue-savoirs-et-cliniques-2007-1-page-67?lang=fr&amp;redirect-ssocas=7080</subfield>
  </datafield>
  <datafield tag="999" ind1=" " ind2=" ">
    <subfield code="c">1595219</subfield>
    <subfield code="d">1595219</subfield>
  </datafield>
</record>
